000 00388nam a2200157Ia 4500
008 231217s9999 xx 000 0 und d
041 _aEnglish
082 _a001.6424JAV HUN;1 R
100 _aHunter, Jason
245 0 _aJava servlet programming
250 _a2nd ed.
260 _c2001
_bShroff
_aMumbai
300 _axii+753
650 _aJava,servlet,programming
942 _cAA
999 _c175683
_d175683